[Event "Olomouc op"]
[Site "Olomouc"]
[Date "2010.08.12"]
[Round "9"]
[White "Malinovsky, Valery"]
[Black "Oresky, Jan"]
[Result "1/2-1/2"]
[WhiteElo "2338"]
[BlackElo "2209"]
[PlyCount "52"]
[EventDate "2010.08.04"]
[EventType "swiss"]
[EventRounds "9"]
[EventCountry "CZE"]
[SourceTitle "CBM 137 Extra"]
[Source "ChessBase"]
[SourceDate "2010.09.01"]
[SourceVersion "1"]
[SourceVersionDate "2010.09.01"]
[SourceQuality "1"]

1. e4 c5 2. Nf3 d6 3. d4 cxd4 4. Nxd4 Nf6 5. Nc3 e6 6. Be2 Be7 7. 0-0 0-0 8. Be3 Nc6 9. f4 e5 10. Nxc6 bxc6 11. fxe5 dxe5 12. h3 Qa5 13. Qe1 Bc5 14. Bxc5 Qxc5+ 15. Kh2 Rb8 16. a3 Be6 17. Bd3 Qe7 18. b3 Nd7 19. Qe3 Nc5 20. Rfd1 a5 21. Be2 Rb7 22. Rd2 Bxb3 23. cxb3 Nxb3 24. Rb1 Nxd2 25. Rxb7 Qxb7 26. Qxd2 Qb3 1/2-1/2

[Event "Olomouc op"]
[Site "Olomouc"]
[Date "2010.08.07"]
[Round "4"]
[White "Suder, Ryszard"]
[Black "Malinovsky, Valery"]
[Result "1/2-1/2"]
[WhiteElo "2210"]
[BlackElo "2338"]
[PlyCount "53"]
[EventDate "2010.08.04"]
[EventType "swiss"]
[EventRounds "9"]
[EventCountry "CZE"]
[SourceTitle "CBM 137 Extra"]
[Source "ChessBase"]
[SourceDate "2010.09.01"]
[SourceVersion "1"]
[SourceVersionDate "2010.09.01"]
[SourceQuality "1"]

1. Nf3 Nf6 2. g3 d5 3. Bg2 e6 4. 0-0 Be7 5. d4 0-0 6. c4 dxc4 7. Qc2 a6 8. a4 Bd7 9. Qxc4 Bc6 10. Bg5 a5 11. Nc3 Na6 12. Ne5 Bxg2 13. Kxg2 c6 14. Rad1 Nd5 15. Bxe7 Qxe7 16. e4 Nb6 17. Qe2 Rfd8 18. Nc4 Nxc4 19. Qxc4 Nb4 20. Rd2 b6 21. Rfd1 Qb7 22. Qe2 Rd7 23. f3 Qa6 24. Qxa6 Nxa6 25. Kf2 Rad8 26. Ke3 f6 27. g4 1/2-1/2